Comedias /

Guardado en:
Autor Principal: Rojas, Francisco de
Formato: Libro
Publicado: Buenos Aires : Molino, 1942
Materias:
Etiquetas: Agregar Etiqueta
Sin Etiquetas, Sea el primero en etiquetar este registro!
LEADER 00475nam a22001815a 4500
001 CEM.cems005526
005 20060221000000.0
008 130507s1942##################000#0#####d
003 CEMS
082 0 4 |a 862.3 
100 1 |a Rojas, Francisco de 
245 1 0 |a Comedias / 
260 |a Buenos Aires :  |b Molino,  |c 1942 
300 |a 219 p. 
653 |a Literatura 
653 |a Teatro 
653 |a Teatro español-siglo de oro 
859 |a CEMS  |b BIB. CEMS - 11 de abril  |h 862.3  |i R638  |p 8562.80  |t Ej.1